|
|
|
|
| LEADER |
01397nam a2200385 a 4500 |
| 001 |
EBC1223951 |
| 003 |
MiAaPQ |
| 005 |
20200520144314.0 |
| 006 |
m o d | |
| 007 |
cr cn||||||||| |
| 008 |
130107s2013 njua sb 001 0 eng d |
| 010 |
|
|
|z 2012049838
|
| 020 |
|
|
|z 9789814434003
|
| 020 |
|
|
|a 9789814434010 (electronic bk.)
|
| 035 |
|
|
|a (MiAaPQ)EBC1223951
|
| 035 |
|
|
|a (Au-PeEL)EBL1223951
|
| 035 |
|
|
|a (CaPaEBR)ebr10719534
|
| 035 |
|
|
|a (CaONFJC)MIL496443
|
| 035 |
|
|
|a (OCoLC)854974288
|
| 040 |
|
|
|a MiAaPQ
|c MiAaPQ
|d MiAaPQ
|
| 043 |
|
|
|a a-cc---
|
| 050 |
|
4 |
|a HC427.95
|b .U545 2013
|
| 082 |
0 |
4 |
|a 330.951
|2 23
|
| 245 |
0 |
0 |
|a Unfinished reforms in the Chinese economy
|h [electronic resource] /
|c editor, Jun Zhang.
|
| 260 |
|
|
|a Hackensack, N.J. :
|b World Scientific Pub. Co.,
|c 2013.
|
| 300 |
|
|
|a xvii, 502 p. :
|b ill.
|
| 504 |
|
|
|a Includes bibliographical references and index.
|
| 533 |
|
|
|a Electronic reproduction. Ann Arbor, MI : ProQuest, 2015. Available via World Wide Web. Access may be limited to ProQuest affiliated libraries.
|
| 650 |
|
0 |
|a Income distribution
|z China.
|
| 651 |
|
0 |
|a China
|x Economic conditions
|y 2000-
|
| 651 |
|
0 |
|a China
|x Social policy
|y 21st century.
|
| 655 |
|
4 |
|a Electronic books.
|
| 700 |
1 |
|
|a Zhang, Jun.
|
| 710 |
2 |
|
|a ProQuest (Firm)
|
| 856 |
4 |
0 |
|u https://ebookcentral.proquest.com/lib/matrademy/detail.action?docID=1223951
|z Click to View
|